<?xml version="1.0" encoding="UTF-8"?>
<record
    xmlns:xsi="http://www.w3.org/2001/XMLSchema-instance"
    xsi:schemaLocation="http://www.loc.gov/MARC21/slim http://www.loc.gov/standards/marcxml/schema/MARC21slim.xsd"
    xmlns="http://www.loc.gov/MARC21/slim">

  <leader>00649nam a22001577a 4500</leader>
  <controlfield tag="003">OSt</controlfield>
  <controlfield tag="005">20190806150027.0</controlfield>
  <controlfield tag="008">190806b        xxu||||| |||| 00| 0 eng d</controlfield>
  <datafield tag="040" ind1=" " ind2=" ">
    <subfield code="c">RUA</subfield>
  </datafield>
  <datafield tag="082" ind1=" " ind2=" ">
    <subfield code="a">LMA LAY 2017 B640 Or.1</subfield>
  </datafield>
  <datafield tag="100" ind1=" " ind2=" ">
    <subfield code="9">13805</subfield>
    <subfield code="a">LAY SOPHAL &#x17A1;&#x17C3; &#x179F;&#x17BB;&#x1795;&#x179B;</subfield>
  </datafield>
  <datafield tag="245" ind1=" " ind2=" ">
    <subfield code="a">study on land marketing in sangkat steung meanchey khan meanchey phnom penh &#x1780;&#x17B6;&#x179A;&#x179F;&#x17B7;&#x1780;&#x17D2;&#x179F;&#x17B6;&#x17A2;&#x17C6;&#x1796;&#x17B8;&#x1791;&#x17B8;&#x1795;&#x17D2;&#x179F;&#x17B6;&#x179A;&#x1793;&#x17C5;&#x179F;&#x1784;&#x17D2;&#x1780;&#x17B6;&#x178F;&#x17CB;&#x179F;&#x17D2;&#x1791;&#x17B9;&#x1784;&#x1798;&#x17B6;&#x1793;&#x1787;&#x17D0;&#x1799;&#x1781;&#x178E;&#x17D2;&#x178C;&#x1798;&#x17B6;&#x1793;&#x1787;&#x17D0;&#x1799; &#x179A;&#x17B6;&#x1787;&#x1792;&#x17B6;&#x1793;&#x17B8;&#x1797;&#x17D2;&#x1793;&#x17C6;&#x1796;&#x17C1;&#x1789;</subfield>
  </datafield>
  <datafield tag="260" ind1=" " ind2=" ">
    <subfield code="a">RUA</subfield>
    <subfield code="b">Phnom penh</subfield>
    <subfield code="c">2017</subfield>
  </datafield>
  <datafield tag="300" ind1=" " ind2=" ">
    <subfield code="a">x;39p</subfield>
    <subfield code="b">ill;</subfield>
    <subfield code="c">29cm</subfield>
  </datafield>
  <datafield tag="942" ind1=" " ind2=" ">
    <subfield code="2">ddc</subfield>
    <subfield code="c">LMA</subfield>
  </datafield>
  <datafield tag="999" ind1=" " ind2=" ">
    <subfield code="c">18133</subfield>
    <subfield code="d">18133</subfield>
  </datafield>
  <datafield tag="952" ind1=" " ind2=" ">
    <subfield code="0">0</subfield>
    <subfield code="1">0</subfield>
    <subfield code="2">ddc</subfield>
    <subfield code="4">0</subfield>
    <subfield code="6">LMA_LAY_2017_000000000000000_B640_OR_1</subfield>
    <subfield code="7">0</subfield>
    <subfield code="9">80911</subfield>
    <subfield code="a">LBB</subfield>
    <subfield code="b">LBB</subfield>
    <subfield code="c">B640</subfield>
    <subfield code="d">2019-08-06</subfield>
    <subfield code="o">LMA LAY 2017 B640 Or.1</subfield>
    <subfield code="p">A44679</subfield>
    <subfield code="r">2019-08-06</subfield>
    <subfield code="w">2019-08-06</subfield>
    <subfield code="y">LMA</subfield>
  </datafield>
  <datafield tag="952" ind1=" " ind2=" ">
    <subfield code="0">0</subfield>
    <subfield code="1">0</subfield>
    <subfield code="2">ddc</subfield>
    <subfield code="4">0</subfield>
    <subfield code="6">LMA_LAY_2017_000000000000000_B640_OR_2</subfield>
    <subfield code="7">0</subfield>
    <subfield code="9">80912</subfield>
    <subfield code="a">LBB</subfield>
    <subfield code="b">LBB</subfield>
    <subfield code="c">B640</subfield>
    <subfield code="d">2019-08-06</subfield>
    <subfield code="o">LMA LAY 2017 B640 Or.2</subfield>
    <subfield code="p">A44989</subfield>
    <subfield code="r">2019-08-06</subfield>
    <subfield code="w">2019-08-06</subfield>
    <subfield code="y">LMA</subfield>
  </datafield>
  <datafield tag="952" ind1=" " ind2=" ">
    <subfield code="0">0</subfield>
    <subfield code="1">0</subfield>
    <subfield code="2">ddc</subfield>
    <subfield code="4">0</subfield>
    <subfield code="6">LMA_LAY_2017_000000000000000_B640_OR_3</subfield>
    <subfield code="7">0</subfield>
    <subfield code="9">80913</subfield>
    <subfield code="a">LBB</subfield>
    <subfield code="b">LBB</subfield>
    <subfield code="c">B640</subfield>
    <subfield code="d">2019-08-06</subfield>
    <subfield code="l">6</subfield>
    <subfield code="o">LMA LAY 2017 B640 Or.3</subfield>
    <subfield code="p">A45064</subfield>
    <subfield code="r">2023-07-28</subfield>
    <subfield code="s">2023-06-26</subfield>
    <subfield code="w">2019-08-06</subfield>
    <subfield code="y">LMA</subfield>
  </datafield>
  <datafield tag="952" ind1=" " ind2=" ">
    <subfield code="0">0</subfield>
    <subfield code="1">0</subfield>
    <subfield code="2">ddc</subfield>
    <subfield code="4">0</subfield>
    <subfield code="6">LMA_LAY_2017_000000000000000_B640_OR_4</subfield>
    <subfield code="7">0</subfield>
    <subfield code="9">80914</subfield>
    <subfield code="a">LBB</subfield>
    <subfield code="b">LBB</subfield>
    <subfield code="c">B640</subfield>
    <subfield code="d">2019-08-06</subfield>
    <subfield code="o">LMA LAY 2017 B640 Or.4</subfield>
    <subfield code="p">A44919</subfield>
    <subfield code="r">2019-08-06</subfield>
    <subfield code="w">2019-08-06</subfield>
    <subfield code="y">LMA</subfield>
  </datafield>
  <datafield tag="952" ind1=" " ind2=" ">
    <subfield code="0">0</subfield>
    <subfield code="1">0</subfield>
    <subfield code="2">ddc</subfield>
    <subfield code="4">0</subfield>
    <subfield code="6">LMA_LAY_2017_000000000000000_B640_OR_5</subfield>
    <subfield code="7">0</subfield>
    <subfield code="9">80915</subfield>
    <subfield code="a">LBB</subfield>
    <subfield code="b">LBB</subfield>
    <subfield code="c">B640</subfield>
    <subfield code="d">2019-08-06</subfield>
    <subfield code="l">2</subfield>
    <subfield code="o">LMA LAY 2017 B640 Or.5</subfield>
    <subfield code="p">A44914</subfield>
    <subfield code="r">2023-03-29</subfield>
    <subfield code="s">2023-03-17</subfield>
    <subfield code="w">2019-08-06</subfield>
    <subfield code="y">LMA</subfield>
  </datafield>
  <datafield tag="952" ind1=" " ind2=" ">
    <subfield code="0">0</subfield>
    <subfield code="1">0</subfield>
    <subfield code="2">ddc</subfield>
    <subfield code="4">0</subfield>
    <subfield code="6">LMA_LAY_2017_000000000000000_B640_OR_6</subfield>
    <subfield code="7">0</subfield>
    <subfield code="9">80916</subfield>
    <subfield code="a">LBB</subfield>
    <subfield code="b">LBB</subfield>
    <subfield code="c">B640</subfield>
    <subfield code="d">2019-08-06</subfield>
    <subfield code="o">LMA LAY 2017 B640 Or.6</subfield>
    <subfield code="p">A44694</subfield>
    <subfield code="r">2019-08-06</subfield>
    <subfield code="w">2019-08-06</subfield>
    <subfield code="y">LMA</subfield>
  </datafield>
</record>
